01010nam a2200301 a 450000100060000000300020000600500170000800600190002500700150004400800410005902200140010003500210011404000260013505000230016108000120018410000220019624500710021826000580028930000120034753301640035965000150052365000230053865000200056165000190058165500270060071000190062785600620064676276020241217151300.0m o d | cr cn|||||||||200704r20072007ag |||||s|||||||||||spa d z1660-5324 a(OCoLC)928699230 aFlNmELBbspacFlNmELB 4aQC791bP349 2007eb a621.0391 aPeña, Santiago.10aProyecto Atómico Huemulh[recurso electronico]cSantiago Peña. a[Buenos Aires, Argentina] :b[Monografías],c[2007] a5-55 p. aRecurso electrónico. Santa Fe, Arg.: e-libro, 2015. Disponible vía World Wide Web. El acceso puede estar limitado para las bibliotecas afiliadas a e-libro. 4aEnergía. 4aEnergía nuclear. 0aNuclear fusion. 0aAtomic energy. 4aLibros electrónicos.2 ae-libro, Corp.40uhttps://elibro.net/ereader/politecnicointernacional/98144